Rudimenta historica sive brevis, facilisque methodus juventutem orthodoxam notitiae historicae imbuendi, pro gymnasiis Societatis Jesu

Elmentve itt :
Bibliográfiai részletek
Szerző: Dufrène Maximilian
Dokumentumtípus: Könyv
Megjelent: Typis Academicis, Societatis Jesu [Kassa] Cassoviae 1743
Kulcsszavak:Egyháztörténet - katolikus
Online Access:http://misc.bibl.u-szeged.hu/46027
LEADER 00813nam a2200181 i 4500
001 misc46027
005 20200717141142.0
008 200217s1743 hu o 0|| lat d
040 |a SZTE Miscellanea Repozitórium  |b hun 
041 |a lat 
100 1 |a Dufrène Maximilian 
245 1 0 |a Rudimenta historica sive brevis, facilisque methodus juventutem orthodoxam notitiae historicae imbuendi, pro gymnasiis Societatis Jesu  |h [elektronikus dokumentum] /  |c  Dufrène Maximilian 
260 |a Typis Academicis, Societatis Jesu  |b [Kassa] Cassoviae  |c 1743 
300 |a 112, [12] p.  |c 8o 
561 |a Muzeális dokumentumok 
591 |a A Népkönyvtári Központtól D. Nem adható el! (pecsét), DV 78 (pecsét) 
695 |a Egyháztörténet - katolikus 
856 4 0 |u http://misc.bibl.u-szeged.hu/46027/1/ra_5803.pdf  |z Dokumentum-elérés